000 005450000a22001810004500
003 MACL
005 20160225154957.0
008 160225b xxu||||| |||| 00| 0 eng d
040 _aMACL
_cMACL
041 _aHindi
082 _a800
100 _aश्रीशिवपूजन सहाय
_940458
245 _aशिवपूजन रचनावली
260 _bबिहार राष्‍ट्रभाषा परिषद
_c1956
_aपटना
350 _a8
650 _aLiteracture
_939932
942 _cHIN
_k800
_2ddc
999 _c23870
_d23870